[Event "SVK ECo-C Extraliga 2018-19"]
[Site "Slovakia"]
[Date "2019.02.16"]
[Round "5.2"]
[White "Petenyi, Tamas"]
[Black "Repka, Christopher"]
[Result "1/2-1/2"]
[WhiteElo "2427"]
[BlackElo "2481"]
[Annotator "ChessBase"]
[PlyCount "81"]
[EventDate "2018.11.10"]
[EventType "team-tourn"]
[EventCountry "SVK"]
[SourceTitle "playchess.com"]
[Source "ChessBase"]
[SourceQuality "1"]
[WhiteTeam "Streda"]
[BlackTeam "Zilina"]
[TimeControl "40/5400+30:1800+30"]

1. e4 {[%emt 0:00:00]} e5 {[%emt 0:00:00]} 2. Nf3 {[%emt 0:00:06]} Nc6 {[%emt 0:00:00]} 3. Bb5 {[%emt 0:00:20]} a6 {[%emt 0:00:00]} 4. Ba4 {[%emt 0:00:10]} Nf6 {[%emt 0:00:00]} 5. d3 {[%emt 0:00:40]} d6 {[%emt 0:00:34]} 6. c3 {[%emt 0:00:24]} Be7 {[%emt 0:00:17]} 7. Nbd2 {[%emt 0:01:12]} O-O {[%emt 0:00:06]} 8. O-O {[%emt 0:00:26]} Bg4 {[%emt 0:00:04]} 9. Re1 {[%emt 0:01:59]} Nd7 {[%emt 0:00:07]} 10. h3 {[%emt 0:01:37]} Bh5 {[%emt 0:01:10]} 11. Nf1 {[%emt 0:02:22]} Nc5 {[%emt 0:02:51]} 12. Bxc6 {[%emt 0:05:03]} bxc6 {[%emt 0:00:05]} 13. Ng3 {[%emt 0:00:06]} Bg6 {[%emt 0:00:22]} 14. d4 {[%emt 0:01:12]} exd4 {[%emt 0:01:53]} 15. Nxd4 {[%emt 0:05:07]} Qd7 {[%emt 0:00:45]} 16. Qf3 {[%emt 0:04:49]} d5 {[%emt 0:05:58]} 17. exd5 {[%emt 0:05:12]} cxd5 {[%emt 0:05:40]} 18. Ndf5 {[%emt 0:02:33]} Bf6 {[%emt 0:00:05]} 19. Nh6+ {[%emt 0:02:26]} Kh8 {[%emt 0:00:45]} 20. Ng4 {[%emt 0:00:18]} Bh4 {[%emt 0:07:37]} 21. Ne5 {[%emt 0:01:33]} Qe6 {[%emt 0:00:05]} 22. Nxg6+ {[%emt 0:08:31]} Qxg6 {[%emt 0:11:28]} 23. Nf5 {[%emt 0:01:29]} Bf6 {[%emt 0:00:41]} 24. Qxd5 {[%emt 0:01:54]} Na4 {[%emt 0:00:06]} 25. Ng3 {[%emt 0:04:03]} Rab8 {[%emt 0:18:38]} 26. Qc6 {[%emt 0:14:14]} Nxb2 {[%emt 0:00:07]} 27. Bxb2 {[%emt 0:00:16]} Rxb2 {[%emt 0:00:04]} 28. Re8 {[%emt 0:02:47]} Rb1+ {[%emt 0:03:32]} 29. Rxb1 {[%emt 0:04:26]} Qxb1+ {[%emt 0:00:13]} 30. Kh2 {[%emt 0:00:08]} Kg8 {[%emt 0:00:04]} 31. Rxf8+ {[%emt 0:07:41]} Kxf8 {[%emt 0:00:07]} 32. Qxc7 {[%emt 0:01:50]} g6 {[%emt 0:02:10]} 33. Qc8+ {[%emt 0:01:40]} Kg7 {[%emt 0:00:29]} 34. Qxa6 {[%emt 0:00:31]} Bxc3 {[%emt 0:00:05]} 35. Qc4 {[%emt 0:03:23]} Qc1 {[%emt 0:14:01]} 36. a4 {[%emt 0:02:04]} h5 {[%emt 0:01:59]} 37. h4 {[%emt 0:01:31]} Qe1 {[%emt 0:02:12]} 38. Qe2 {[%emt 0:06:54]} Qa1 {[%emt 0:00:36]} 39. Ne4 {[%emt 0:03:46]} Be5+ {[%emt 0:01:30]} 40. g3 {[%emt 0:00:05]} Qxa4 {[%emt 0:00:19]} 41. Kg2 {[%emt 0:30:12]} 1/2-1/2

[Event "SVK ECo-C Extraliga 2018-19"]
[Site "Slovakia"]
[Date "2019.02.16"]
[Round "5.3"]
[White "Mihok, Oliver"]
[Black "Rigo, Zsolt"]
[Result "1/2-1/2"]
[WhiteElo "2540"]
[BlackElo "2387"]
[Annotator "TA"]
[PlyCount "79"]
[EventDate "2018.11.10"]
[EventType "team-tourn"]
[EventCountry "SVK"]
[SourceTitle "playchess.com"]
[Source "ChessBase"]
[SourceQuality "1"]
[WhiteTeam "Podhajska"]
[BlackTeam "Modra"]

{[%evp 18,79,5,5,24,22,31,18,14,4,11,12,21,-1,0,0,3,0,0,-7,-12,-13,17,17,17,12,25,10,23,23,33,18,29,0,39,22,40,47,33,7,54,15,8,15,47,46,46,46,46,46,46,28,46,42,165,25,26,0,0,0,0,0,0,0]} 1. e4 c5 2. Nf3 d6 3. Bb5+ Bd7 4. Bxd7+ Qxd7 5. c4 Nc6 6. d4 {B52: Sicilian: Moscow Variation with 3...Bd7} (6. Nc3 g6 7. d4 Bg7 8. Be3 cxd4 9. Nxd4 Nf6 10. f3 O-O 11. O-O a6 12. Na4 Rab8 13. Nxc6 Qxc6 14. Nb6 Nd7 15. Nxd7 Qxd7 16. Rf2 b5 17. c5 Qa7 18. Rc1 dxc5 19. Bxc5 Qc7 {1-0 (50) Caruana,F (2807)-Kasparov,G (2812) Saint Louis 2017}) 6... cxd4 7. Nxd4 g6 8. b3 Nf6 9. Nc3 Bg7 10. Bb2 {LiveBook: 57 Games} Qg4 11. Qxg4 Nxg4 12. Nxc6 (12. Nde2 {is more complex.} a6 13. h3 Nge5 14. O-O-O Nb4 15. Kb1) 12... bxc6 13. h3 Ne5 14. O-O-O Nd7 15. Na4 Bxb2+ 16. Kxb2 Nb6 $146 ({Predecessor:} 16... c5 17. f4 f6 18. Rde1 Rc8 19. Kc3 g5 20. g3 Rg8 21. Rhg1 {½-½ (21) Milov,L (2400)-Savon,V (2420) Alushta 1992}) 17. Nc3 Nd7 18. Rhe1 g5 19. Na4 c5 20. e5 Nxe5 21. Nxc5 $1 f6 22. Ne4 Rg8 23. Ng3 Kf7 24. Nf5 {Black must now prevent Nh6+.} Rgc8 25. Rd5 Rc7 26. Kc3 Kg6 27. Nd4 Kf7 28. g3 Rg8 29. Re3 Rc5 30. f4 Rxd5 31. cxd5 $11 {[%mdl 4096] Endgame KRN-KRN} Rc8+ 32. Kb4 gxf4 33. gxf4 Ng6 $1 {[%cal Rg6f4]} 34. Nc6 Nxf4 35. Rxe7+ Kf8 (35... Kg6 $14 36. Kc4 Nxh3) 36. Rxa7 (36. Rxh7 $18 Nxd5+ 37. Kc4) 36... Nxd5+ 37. Kb5 Nc3+ {The position is equal.} 38. Kb6 Nd5+ 39. Kb5 Nc3+ 40. Kb6 {Precision: White = 42%, Black = 53%.} 1/2-1/2

[Event "SVK ECo-C Extraliga 2018-19"]
[Site "Slovakia"]
[Date "2019.02.16"]
[Round "5.3"]
[White "Kociscak, Jiri"]
[Black "Nemeth, Miklos"]
[Result "0-1"]
[WhiteElo "2501"]
[BlackElo "2484"]
[Annotator "ChessBase"]
[PlyCount "108"]
[EventDate "2018.11.10"]
[EventType "team-tourn"]
[EventCountry "SVK"]
[SourceTitle "playchess.com"]
[Source "ChessBase"]
[SourceQuality "1"]
[WhiteTeam "Zilina"]
[BlackTeam "Streda"]
[TimeControl "40/5400+30:1800+30"]

1. d4 {[%emt 0:01:08]} Nf6 {[%emt 0:00:00]} 2. c4 {[%emt 0:00:04]} e6 {[%emt 0:00:00]} 3. g3 {[%emt 0:00:06]} d5 {[%emt 0:00:20]} 4. Nf3 {[%emt 0:00:06]} Bb4+ {[%emt 0:00:35]} 5. Bd2 {[%emt 0:00:06]} Be7 {[%emt 0:00:13]} 6. Bg2 {[%emt 0:00:07]} O-O {[%emt 0:00:16]} 7. O-O {[%emt 0:00:09]} c6 {[%emt 0:00:50]} 8. Qc2 {[%emt 0:00:25]} Nbd7 {[%emt 0:00:36]} 9. Bf4 {[%emt 0:01:41]} b6 {[%emt 0:01:17]} 10. Ne5 {[%emt 0:13:57]} Nxe5 {[%emt 0:06:35]} 11. dxe5 {[%emt 0:00:18]} Nd7 {[%emt 0:00:10]} 12. Rd1 {[%emt 0:00:38]} g5 {[%emt 0:13:22]} 13. Be3 {[%emt 0:09:00]} Nxe5 {[%emt 0:04:40]} 14. cxd5 {[%emt 0:00:58]} cxd5 {[%emt 0:00:43]} 15. Bd4 {[%emt 0:00:19]} Ng6 {[%emt 0:07:32]} 16. Bc3 {[%emt 0:13:17]} Qc7 {[%emt 0:04:53]} 17. e4 {[%emt 0:10:10]} dxe4 {[%emt 0:05:09]} 18. Qxe4 {[%emt 0:00:06]} Rb8 {[%emt 0:00:39]} 19. Qe3 {[%emt 0:03:20]} e5 {[%emt 0:13:20]} 20. Nd2 {[%emt 0:01:58]} Bg4 {[%emt 0:08:03]} 21. Nf3 {[%emt 0:04:08]} f6 {[%emt 0:01:18]} 22. h3 {[%emt 0:00:40]} Bc5 {[%emt 0:02:55]} 23. Qe2 {[%emt 0:01:21]} Be6 {[%emt 0:00:30]} 24. Nh2 {[%emt 0:07:22]} Rbd8 {[%emt 0:03:30]} 25. Ng4 {[%emt 0:00:26]} Kg7 {[%emt 0:01:21]} 26. Be4 {[%emt 0:12:57]} Rxd1+ {[%emt 0:04:33]} 27. Rxd1 {[%emt 0:00:05]} Rd8 {[%emt 0:01:46]} 28. Rc1 {[%emt 0:03:05]} Qf7 {[%emt 0:08:09]} 29. a3 {[%emt 0:06:01]} Bd4 {[%emt 0:02:56]} 30. Bxd4 {[%emt 0:01:22]} exd4 {[%emt 0:00:54]} 31. Bd3 {[%emt 0:02:22]} Bxg4 {[%emt 0:04:03]} 32. hxg4 {[%emt 0:00:32]} Ne5 {[%emt 0:00:05]} 33. Rd1 {[%emt 0:01:19]} Qd5 {[%emt 0:02:42]} 34. Be4 {[%emt 0:00:36]} Qb3 {[%emt 0:00:26]} 35. Bd3 {[%emt 0:01:46]} Re8 {[%emt 0:01:09]} 36. Rd2 {[%emt 0:00:33]} Qd5 {[%emt 0:00:40]} 37. Be4 {[%emt 0:00:08]} Qd6 {[%emt 0:00:43]} 38. Kg2 {[%emt 0:01:55]} Rd8 {[%emt 0:00:40]} 39. Bd3 {[%emt 0:00:34]} Qc6+ {[%emt 0:00:17]} 40. Be4 {[%emt 0:00:19]} Qd7 {[%emt 0:01:10]} 41. Bf5 {[%emt 0:31:02]} Qd5+ {[%emt 0:01:58]} 42. Be4 {[%emt 0:00:00]} Qc4 {[%emt 0:03:15]} 43. Bd3 {[%emt 0:00:00]} Qc5 {[%emt 0:02:09]} 44. Rd1 {[%emt 0:00:00]} Rd7 {[%emt 0:02:03]} 45. b4 {[%emt 0:00:00]} Qd5+ {[%emt 0:04:27]} 46. Be4 {[%emt 0:00:00]} Qb3 {[%emt 0:01:12]} 47. Rh1 {[%emt 0:00:00]} h6 {[%emt 0:04:13]} 48. Bf5 {[%emt 0:00:00]} Qd5+ {[%emt 0:04:48]} 49. Be4 {[%emt 0:00:00]} d3 {[%emt 0:00:56]} 50. Qe3 {[%emt 0:00:00]} Qd4 {[%emt 0:00:50]} 51. Bf5 {[%emt 0:00:00]} Qxe3 {[%emt 0:00:34]} 52. fxe3 {[%emt 0:00:00]} Rc7 {[%emt 0:00:17]} 53. Rd1 {[%emt 0:00:00]} Rc3 {[%emt 0:00:50]} 54. a4 {[%emt 0:00:00]} Kf8 {[%emt 0:00:25]} 0-1

[Event "SVK ECo-C Extraliga 2018-19"]
[Site "Slovakia"]
[Date "2019.02.16"]
[Round "5.3"]
[White "Rojicek, Vojtech"]
[Black "Antal, Gergely"]
[Result "1/2-1/2"]
[WhiteElo "2389"]
[BlackElo "2546"]
[Annotator "TA"]
[PlyCount "67"]
[EventDate "2018.11.10"]
[EventType "team-tourn"]
[EventCountry "SVK"]
[SourceTitle "playchess.com"]
[Source "ChessBase"]
[SourceQuality "1"]
[WhiteTeam "Liptovska"]
[BlackTeam "Slovan"]

{[%evp 13,67,40,35,4,37,35,46,48,26,33,40,20,25,17,28,12,14,22,43,28,79,61,67,67,75,79,96,22,14,0,26,0,78,0,0,0,0,-11,0,0,0,-37,-37,-28,-12,-54,-24,-82,-79,-69,0,0,0,0,0,0]} 1. e4 c5 2. Nf3 Nc6 3. d4 cxd4 4. Nxd4 Qb6 5. Nb3 Nf6 6. Nc3 e6 7. Bd3 Be7 8. Qe2 {B33: Sicilian: Pelikan and Sveshnikov Variations} (8. Be3 {is more complex.} Qd8 9. f4 O-O 10. Qf3 Bb4 11. e5) 8... Ne5 $146 ({Predecessor:} 8... d6 9. O-O a6 10. Be3 Qc7 11. f4 b5 12. a4 b4 13. Nb1 O-O 14. N1d2 a5 15. Kh1 Bb7 {0-1 (37) Kuipers,S (2470)-Korobov,A (2699) Wijk aan Zee 2019}) 9. Be3 Qc7 10. f4 {White is slightly better.} Nxd3+ 11. cxd3 {Strongly threatening Nb5.} O-O 12. O-O b6 13. Rfc1 Bb7 14. Nb5 Qd8 15. a4 Bc6 16. N3d4 Bc5 {[#]} (16... Bb7 $11 {remains equal.}) 17. b4 $1 $36 {[%cal Rb4c5][%mdl 2048] White has the initiative.} Bxd4 18. Nxd4 Bb7 19. a5 bxa5 20. bxa5 (20. b5 $16) 20... Ba6 $1 $11 21. Qd2 Ng4 22. Nb3 f5 (22... Nxe3 $11 23. Qxe3 d5) 23. e5 (23. Bc5 $16) 23... Nxe3 24. Qxe3 Bb7 25. Rc5 Bd5 26. Nd4 Rc8 27. Rac1 Rxc5 28. Rxc5 Qb8 29. h3 Qb7 (29... h6 {seems wilder.} 30. Rb5 Qc7 31. Kf2 Kh7 32. Qd2 Rc8) 30. Nf3 (30. Qd2 $11) 30... Rb8 $17 31. Kh2 Bxf3 (31... a6 $15) 32. Qxf3 $11 {The position is equal.} Qxf3 33. gxf3 Rb3 34. Rc7 {Accuracy: White = 27%, Black = 62%.} 1/2-1/2

[Event "SVK ECo-C Extraliga 2018-19"]
[Site "Slovakia"]
[Date "2019.02.16"]
[Round "5.4"]
[White "Ftacnik, Lubomir"]
[Black "Haring, Filip"]
[Result "1-0"]
[WhiteElo "2500"]
[BlackElo "2286"]
[Annotator "ChessBase"]
[PlyCount "95"]
[EventDate "2018.11.10"]
[EventType "team-tourn"]
[EventCountry "SVK"]
[SourceTitle "playchess.com"]
[Source "ChessBase"]
[SourceQuality "1"]
[WhiteTeam "Slovan"]
[BlackTeam "Liptovska"]
[TimeControl "40/5400+30:1800+30"]

1. c4 {[%emt 0:00:00]} Nf6 {[%emt 0:00:00]} 2. Nf3 {[%emt 0:00:00]} e6 {[%emt 0:00:27]} 3. g3 {[%emt 0:00:12]} b6 {[%emt 0:01:24]} 4. Bg2 {[%emt 0:00:18]} Bb7 {[%emt 0:00:17]} 5. O-O {[%emt 0:00:12]} Be7 {[%emt 0:00:39]} 6. d4 {[%emt 0:03:32]} O-O {[%emt 0:00:57]} 7. Re1 {[%emt 0:00:08]} c5 {[%emt 0:02:17]} 8. d5 {[%emt 0:02:42]} exd5 {[%emt 0:01:21]} 9. Nh4 {[%emt 0:00:14]} g6 {[%emt 0:02:01]} 10. cxd5 {[%emt 0:04:56]} d6 {[%emt 0:01:05]} 11. Nc3 {[%emt 0:00:37]} Re8 {[%emt 0:07:00]} 12. e4 {[%emt 0:01:49]} Bf8 {[%emt 0:07:04]} 13. Bg5 {[%emt 0:06:49]} Bg7 {[%emt 0:07:16]} 14. Qd2 {[%emt 0:08:22]} Nbd7 {[%emt 0:03:33]} 15. Nf3 {[%emt 0:09:38]} a6 {[%emt 0:05:09]} 16. Qf4 {[%emt 0:04:33]} Ne5 {[%emt 0:11:36]} 17. Nxe5 {[%emt 0:00:58]} Rxe5 {[%emt 0:00:44]} 18. a4 {[%emt 0:01:53]} Bc8 {[%emt 0:16:11]} 19. h4 {[%emt 0:09:30]} Bd7 {[%emt 0:08:26]} 20. Bf1 {[%emt 0:03:28]} Qe7 {[%emt 0:09:09]} 21. Qd2 {[%emt 0:11:18]} Qf8 {[%emt 0:01:31]} 22. f3 {[%emt 0:03:29]} Nh5 {[%emt 0:02:01]} 23. g4 {[%emt 0:02:12]} h6 {[%emt 0:09:44]} 24. Be3 {[%emt 0:00:18]} Qd8 {[%emt 0:01:30]} 25. gxh5 {[%emt 0:09:44]} Qxh4 {[%emt 0:00:04]} 26. Qh2 {[%emt 0:03:46]} Qe7 {[%emt 0:00:34]} 27. hxg6 {[%emt 0:02:16]} fxg6 {[%emt 0:00:13]} 28. Re2 {[%emt 0:03:33]} Rf8 {[%emt 0:01:09]} 29. Qg3 {[%emt 0:01:01]} Kh7 {[%emt 0:00:34]} 30. Rh2 {[%emt 0:01:37]} Rh5 {[%emt 0:00:23]} 31. Bg2 {[%emt 0:02:45]} Bf6 {[%emt 0:00:36]} 32. Rxh5 {[%emt 0:00:58]} gxh5 {[%emt 0:00:04]} 33. Rd1 {[%emt 0:00:51]} Rg8 {[%emt 0:00:24]} 34. Qh2 {[%emt 0:00:06]} h4 {[%emt 0:00:58]} 35. Kh1 {[%emt 0:00:45]} Qf7 {[%emt 0:00:37]} 36. Rf1 {[%emt 0:00:49]} Rg3 {[%emt 0:00:28]} 37. Ne2 {[%emt 0:00:37]} Rg8 {[%emt 0:00:15]} 38. f4 {[%emt 0:01:28]} Qe7 {[%emt 0:00:46]} 39. f5 {[%emt 0:00:30]} Be5 {[%emt 0:00:26]} 40. Bf4 {[%emt 0:00:29]} Bxb2 {[%emt 0:00:31]} 41. Bxd6 {[%emt 0:30:38]} Qg5 {[%emt 0:30:23]} 42. Bf4 {[%emt 0:00:57]} Qf6 {[%emt 0:00:00]} 43. e5 {[%emt 0:00:00]} Qxf5 {[%emt 0:00:00]} 44. Qxh4 {[%emt 0:00:00]} Qg6 {[%emt 0:00:00]} 45. Bf3 {[%emt 0:00:00]} Bd4 {[%emt 0:00:00]} 46. Ng3 {[%emt 0:00:00]} Kh8 {[%emt 0:00:00]} 47. Be4 {[%emt 0:00:00]} Qg7 {[%emt 0:00:00]} 48. Bxh6 {[%emt 0:00:00]} 1-0

[Event "SVK ECo-C Extraliga 2018-19"]
[Site "Slovakia"]
[Date "2019.02.16"]
[Round "5.4"]
[White "Stohl, Igor"]
[Black "Horvath, Csaba"]
[Result "1/2-1/2"]
[WhiteElo "2488"]
[BlackElo "2508"]
[Annotator "TA"]
[PlyCount "38"]
[EventDate "2018.11.10"]
[EventType "team-tourn"]
[EventCountry "SVK"]
[SourceTitle "playchess.com"]
[Source "ChessBase"]
[SourceQuality "1"]
[WhiteTeam "Modra"]
[BlackTeam "Podhajska"]

{[%evp 30,35,-12,-19,0,-61,-55,-77]} 1. Nf3 d5 2. d4 Nf6 3. c4 e6 4. g3 Be7 5. Bg2 O-O 6. O-O Nbd7 7. Qc2 c6 {[%cal Bc7c6,Bc6c5][%mdl 32]} 8. Nbd2 b6 9. e4 dxc4 10. Nxc4 Bb7 11. Rd1 c5 12. Ng5 {E09: Closed Catalan: Main Line: 7 Qc2 c6 8 Nbd2} h6 13. e5 Bxg2 14. exf6 Nxf6 15. Kxg2 hxg5 16. dxc5 {LiveBook: 3 Games} Qc7 17. cxb6 ({White should try} 17. Bxg5 $11 Qc6+ 18. Kg1) 17... axb6 $15 18. Qe2 {[#]} {Predecessor:} Rfc8 $146 19. b3 b5 {1-0 (94) Howell,D (2698)-Lopez Martinez,J (2607) Heraklio 2017} 1/2-1/2

[Event "SVK ECo-C Extraliga 2018-19"]
[Site "Slovakia"]
[Date "2019.02.16"]
[Round "5.4"]
[White "Bokros, Albert"]
[Black "Petrik, Tomas"]
[Result "1/2-1/2"]
[WhiteElo "2458"]
[BlackElo "2469"]
[Annotator "ChessBase"]
[PlyCount "55"]
[EventDate "2018.11.10"]
[EventType "team-tourn"]
[EventCountry "SVK"]
[SourceTitle "playchess.com"]
[Source "ChessBase"]
[SourceQuality "1"]
[WhiteTeam "Streda"]
[BlackTeam "Zilina"]
[TimeControl "40/5400+30:1800+30"]

1. e4 {[%emt 0:00:00]} e6 {[%emt 0:00:00]} 2. d4 {[%emt 0:00:39]} d5 {[%emt 0:00:00]} 3. Bd3 {[%emt 0:00:21]} dxe4 {[%emt 0:03:03]} 4. Bxe4 {[%emt 0:00:12]} Nf6 {[%emt 0:00:09]} 5. Bf3 {[%emt 0:00:05]} c5 {[%emt 0:02:42]} 6. Ne2 {[%emt 0:03:44]} Nc6 {[%emt 0:01:35]} 7. Be3 {[%emt 0:00:44]} cxd4 {[%emt 0:00:51]} 8. Nxd4 {[%emt 0:00:54]} Ne5 {[%emt 0:01:43]} 9. O-O {[%emt 0:03:03]} Be7 {[%emt 0:02:01]} 10. Nc3 {[%emt 0:03:00]} O-O {[%emt 0:01:44]} 11. Qe2 {[%emt 0:06:50]} a6 {[%emt 0:18:47]} 12. Rad1 {[%emt 0:08:55]} Qc7 {[%emt 0:08:17]} 13. Bg5 {[%emt 0:13:14]} Nxf3+ {[%emt 0:33:17]} 14. Qxf3 {[%emt 0:03:02]} Re8 {[%emt 0:00:58]} 15. Rfe1 {[%emt 0:05:28]} Bd7 {[%emt 0:00:59]} 16. Ne4 {[%emt 0:24:18]} Nxe4 {[%emt 0:02:14]} 17. Bxe7 {[%emt 0:00:15]} Rxe7 {[%emt 0:00:57]} 18. Qxe4 {[%emt 0:01:21]} Ree8 {[%emt 0:00:44]} 19. Re3 {[%emt 0:01:25]} e5 {[%emt 0:07:32]} 20. Nf5 {[%emt 0:01:54]} Rad8 {[%emt 0:04:22]} 21. h3 {[%emt 0:09:35]} Bxf5 {[%emt 0:05:40]} 22. Rxd8 {[%emt 0:00:31]} Rxd8 {[%emt 0:01:14]} 23. Qxf5 {[%emt 0:00:07]} f6 {[%emt 0:00:29]} 24. Rc3 {[%emt 0:02:56]} Qd7 {[%emt 0:00:19]} 25. Qe4 {[%emt 0:01:09]} Qf7 {[%emt 0:00:34]} 26. a3 {[%emt 0:01:56]} h6 {[%emt 0:00:21]} 27. Rd3 {[%emt 0:02:29]} Rxd3 {[%emt 0:00:45]} 28. Qxd3 {[%emt 0:00:10]} 1/2-1/2

[Event "SVK ECo-C Extraliga 2018-19"]
[Site "Slovakia"]
[Date "2019.02.16"]
[Round "5.5"]
[White "Jurcik, Marian"]
[Black "Varga, Zoltan"]
[Result "1/2-1/2"]
[WhiteElo "2464"]
[BlackElo "2436"]
[Annotator "TA"]
[PlyCount "40"]
[EventDate "2018.11.10"]
[EventType "team-tourn"]
[EventCountry "SVK"]
[SourceTitle "playchess.com"]
[Source "ChessBase"]
[SourceQuality "1"]
[WhiteTeam "Zilina"]
[BlackTeam "Streda"]

{[%evp 18,40,58,51,50,27,71,37,42,42,40,25,32,33,42,9,5,3,18,7,35,24,28,5,30]} 1. e4 Nf6 2. e5 Nd5 3. d4 d6 4. Nf3 dxe5 5. Nxe5 c6 6. Bd3 {B04: Alekhine's Defence: 4 Nf3} (6. Nf3 Bg4 7. Be2 Nd7 8. O-O e6 9. Re1 Bd6 10. Nbd2 N7f6 11. Nc4 Bc7 12. Nce5 Bh5 13. c3 O-O {1-0 (37) Vachier Lagrave,M (2779)-Dominguez Perez,L (2739) chess.com INT 2018}) 6... Nd7 7. Nf3 N7f6 8. h3 Nb4 9. Bc4 Bf5 10. Bb3 $1 {LiveBook: 4 Games} e6 11. Nh4 $146 ({Predecessor:} 11. a3 Nbd5 12. c4 Nb6 13. Nc3 Ne4 {1-0 (28) Mekhitarian,K (2563)-Aranha Filho,A (2324) Pocos de Caldas 2016}) 11... Be4 12. Nc3 (12. a3 {keeps more tension.} Nd7 13. Nf3 Nd5 14. c4 Ne7 15. O-O) 12... Bd5 13. Nxd5 cxd5 14. Nf3 Nc6 15. O-O Bd6 16. Qd3 Qc7 17. c3 O-O 18. Bc2 Bf4 19. Ng5 {[%cal Rg5h7]} Rfc8 20. a3 h6 {Precision: White = 58%, Black = 74%.} 1/2-1/2

[Event "SVK ECo-C Extraliga 2018-19"]
[Site "Slovakia"]
[Date "2019.02.16"]
[Round "5.5"]
[White "Likavsky, Tomas"]
[Black "Maslik, Miroslav"]
[Result "0-1"]
[WhiteElo "2428"]
[BlackElo "2361"]
[Annotator "NA"]
[PlyCount "81"]
[EventDate "2018.11.10"]
[EventType "team-tourn"]
[EventCountry "SVK"]
[SourceTitle "playchess.com"]
[Source "ChessBase"]
[SourceQuality "1"]
[WhiteTeam "Podhajska"]
[BlackTeam "Modra"]
[TimeControl "40/5400+30:1800+30"]

1. c4 {[%emt 0:00:11]} e6 {[%emt 0:00:00]} 2. d4 {[%emt 0:01:40]} Nf6 {[%emt 0:00:00]} 3. g3 {[%emt 0:00:35]} d5 {[%emt 0:02:31]} 4. Bg2 {[%emt 0:01:12]} Nbd7 {[%emt 0:00:42]} 5. Nf3 {[%emt 0:09:05]} Bb4+ {[%emt 0:00:32]} 6. Nbd2 {[%emt 0:08:37]} O-O {[%emt 0:06:31]} 7. O-O {[%emt 0:00:40]} c6 {[%emt 0:00:32]} 8. Qc2 {[%emt 0:06:03]} b6 {[%emt 0:00:14]} 9. e4 {[%emt 0:02:14]} Bb7 {[%emt 0:03:11]} 10. e5 {[%emt 0:07:14]} Ne8 {[%emt 0:00:07]} 11. cxd5 {[%emt 0:08:32]} cxd5 {[%emt 0:00:15]} 12. Re1 {[%emt 0:02:30]} Nb8 {[%emt 0:11:19]} 13. a3 {[%emt 0:02:58]} Be7 {[%emt 0:00:14]} 14. b4 {[%emt 0:01:09]} Ba6 {[%emt 0:02:39]} 15. Qb1 {[%emt 0:05:46]} Nc7 {[%emt 0:09:53]} 16. a4 {[%emt 0:02:58]} Bb7 {[%emt 0:13:00]} 17. Nf1 {[%emt 0:04:10]} Nc6 {[%emt 0:02:55]} 18. Bd2 {[%emt 0:00:51]} b5 {[%emt 0:01:31]} 19. Ne3 {[%emt 0:01:32]} a5 {[%emt 0:05:10]} 20. bxa5 {[%emt 0:02:03]} b4 {[%emt 0:00:21]} 21. Nc2 {[%emt 0:02:54]} Ba6 {[%emt 0:01:02]} 22. Nxb4 {[%emt 0:01:29]} Bxb4 {[%emt 0:02:04]} 23. Bxb4 {[%emt 0:00:48]} Rb8 {[%emt 0:00:13]} 24. Bxf8 {[%emt 0:00:33]} Rxb1 {[%emt 0:00:06]} 25. Raxb1 {[%emt 0:00:34]} Kxf8 {[%emt 0:01:22]} 26. Rb6 {[%emt 0:01:24]} Nxa5 {[%emt 0:06:53]} 27. Reb1 {[%emt 0:00:30]} Qd7 {[%emt 0:01:35]} 28. Rb8+ {[%emt 0:01:55]} Ke7 {[%emt 0:05:02]} 29. Rg8 {[%emt 0:00:13]} Ne8 {[%emt 0:00:25]} 30. Rb8 {[%emt 0:03:30]} Bc8 {[%emt 0:00:18]} 31. Bf1 {[%emt 0:01:31]} Nc4 {[%emt 0:03:35]} 32. Ne1 {[%emt 0:04:43]} Qc7 {[%emt 0:00:32]} 33. Rb4 {[%emt 0:00:07]} Nd2 {[%emt 0:05:09]} 34. Bb5 {[%emt 0:01:23]} Bd7 {[%emt 0:00:58]} 35. Bxd7 {[%emt 0:05:31]} Kxd7 {[%emt 0:01:11]} 36. Nd3 {[%emt 0:00:16]} Qc3 {[%emt 0:04:01]} 37. Nc5+ {[%emt 0:04:46]} Kc6 {[%emt 0:01:11]} 38. Rb1 {[%emt 0:00:17]} Nxb1 {[%emt 0:00:17]} 39. Rxe8 {[%emt 0:00:06]} Qe1+ {[%emt 0:03:14]} 40. Kg2 {[%emt 0:00:28]} Nd2 {[%emt 0:00:04]} 41. Rf8 0-1